01004nam a22002777a 45000010005000000030006000050050017000110080041000280200018000690400029000870500016001160820012001321000017001442450102001612600039002633000050003024900040003525050008003925200148004005210020005485210020005686500033005886500029006217000032006507000044006829245FISKH20251204143444.0251204b cb ||||| |||| 00| 0 eng d a9780531213070 aFISKHbengcFISKHdFISKH aQC527 .G723 a333.793 aGraham , Ian aYou won't want to live without electricity / cWritten by Ian Graham : Illustrated by Rory Walker aNew York : bScholastic , c2015 . a32 pages : bcolor illustrations ; c24 cm .  aYou Wouldn't Want to (Live Without) aZ  aUses humor in both text and illustrations to describe what it would be like to live without the electric power that makes modern life possible.8 a920 bLexile 8 aZ bRaz-Plus  aGeneral sciencevNon-fiction aExperimentsvNon-fiction aWalker, Rory eIllustrator  aSalariya, David eCreator and designer